|
|
|
|
| LEADER |
00000nab a2200000 a 4500 |
| 001 |
vtls000860096 |
| 003 |
SK-MaSNL |
| 005 |
20260304130759.0 |
| 008 |
250429c xo 0 slo |
| 015 |
|
|
|a SNBRB2004/01-03345
|
| 035 |
|
|
|a CLN000211712
|
| 035 |
|
|
|a urn:nbn:sk:snk-abrq0
|
| 035 |
|
|
|a (urnnbn)urn:nbn:sk:snk:ar-a05myt
|
| 035 |
|
|
|a (uuid)65fb4f82-3038-489c-9639-b8adc3d29db5
|
| 040 |
|
|
|a SNKBUCL
|b slo
|c SNKBUCL
|e AACR2
|
| 041 |
0 |
|
|a cze
|
| 044 |
|
|
|a xo
|c SK
|
| 080 |
|
|
|a 615.24:616.8-009.836
|2 1997
|
| 100 |
1 |
|
|a Švestka, Jaromír,
|d 1937-2019
|4 aut
|9 232656
|
| 245 |
1 |
0 |
|a Žádoucí změna preskripce z flunitrazepamu na zolpidem a zopiklon
|c Jaromír Švestka
|
| 504 |
|
|
|a Bibliogr. odkazy
|
| 650 |
0 |
7 |
|a predpisy liekov, lekárske
|2 SNK
|9 866538
|
| 650 |
0 |
7 |
|a poruchy zaspávania a priebehu spánku
|2 SNK
|9 1434800
|
| 650 |
0 |
7 |
|a zopiklon
|2 SNK
|9 1442624
|
| 650 |
0 |
7 |
|a zolpidem
|2 SNK
|9 1389867
|
| 650 |
0 |
7 |
|a REM spánok
|2 SNK
|9 1211213
|
| 650 |
0 |
7 |
|a flunitrazepam
|2 SNK
|9 81921
|
| 650 |
0 |
7 |
|a abstinenčný syndróm
|2 SNKPH
|9 71693
|
| 650 |
0 |
7 |
|a etiológia
|2 SNKPH
|9 20150
|
| 650 |
0 |
7 |
|a diagnostika (medicína)
|2 SNKPH
|9 28740
|
| 650 |
0 |
7 |
|a farmakoterapia
|2 SNKPH
|9 14158
|
| 650 |
0 |
7 |
|a účinky liekov
|2 SNKPH
|9 102769
|
| 650 |
0 |
7 |
|a farmakológia
|2 SNKPH
|9 2468
|
| 650 |
0 |
7 |
|a farmakokinetika
|2 SNKPH
|9 19436
|
| 655 |
|
7 |
|a články z novín a časopisov
|2 SNK
|9 267496
|
| 773 |
0 |
|
|t Psychiatria pre prax
|g Roč. 4 (v SR 2), č. 5 (2003), s. 222-223
|x 1335-9584
|
| 850 |
|
|
|a Slovenská národná knižnica
|
| 852 |
|
|
|a Slovenská národná knižnica
|
| 954 |
|
|
|a odborná, vedecká literatúra cudzojazyčná (svetová)
|2 lita
|
| 958 |
|
|
|a article27
|
| 958 |
|
|
|a MI
|
| 958 |
|
|
|a NB
|
| 958 |
|
|
|a OND
|
| 958 |
|
|
|a EUIPO
|
| 999 |
|
|
|c 2895721
|d 2897651
|